Statistics for County Seats Of Kentucky

Click here to take the quiz!

General Stats

  • This quiz has been taken 25 times
  • The average score is 67 of 120

Answer Stats

CountySeat% Correct
WarrenBowling Green
100%
FayetteLexington
100%
JeffersonLouisville
100%
KentonCovington & Independence
85%
FranklinFrankfort
85%
ChristianHopkinsville
85%
DaviessOwensboro
85%
McCrackenPaducah
85%
HardinElizabethtown
77%
MadisonRichmond
77%
CampbellAlexandria & Newport
69%
SimpsonFranklin
69%
BarrenGlasgow
69%
MuhlenbergGreenville
69%
LaurelLondon
69%
BourbonParis
69%
PikePikeville
69%
NelsonBardstown
62%
TriggCadiz
62%
TaylorCampbellsville
62%
NicholasCarlisle
62%
AdairColumbia
62%
FlemingFlemingsburg
62%
ScottGeorgetown
62%
CarterGrayson
62%
BreckinridgeHardinsburg
62%
OhioHartford
62%
PerryHazard
62%
FultonHickman
62%
BreathittJackson
62%
OldhamLa Grange
62%
GraysonLeitchfield
62%
ButlerMorgantown
62%
JessamineNicholasville
62%
FloydPrestonsburg
62%
AllenScottsville
62%
PulaskiSomerset
62%
WashingtonSpringfield
62%
SpencerTaylorsville
62%
WoodfordVersailles
62%
WhitleyWilliamsburg
62%
MarshallBenton
54%
MeadeBrandenburg
54%
EdmonsonBrownsville
54%
CarrollCarrollton
54%
HarrisonCynthiana
54%
BoyleDanville
54%
WebsterDixon
54%
LyonEddyville
54%
ToddElkton
54%
PendletonFalmouth
54%
GreenGreensburg
54%
_______Greenup
54%
______Harlan
54%
MercerHarrodsburg
54%
_________Henderson
54%
EstillIrvine
54%
RussellJamestown
54%
AndersonLawrenceburg
54%
MarionLebanon
54%
CaseyLiberty
54%
LawrenceLouisa
54%
HopkinsMadisonville
54%
GravesMayfield
54%
RowanMorehead
54%
HartMunfordville
54%
CallowayMurray
54%
OwenOwenton
54%
JohnsonPaintsville
54%
BellPineville
54%
CaldwellPrinceton
54%
LoganRussellville
54%
ShelbyShelbyville
54%
BullittShepherdsville
54%
LincolnStanford
54%
MonroeTompkinsville
54%
MorganWest Liberty
54%
BallardWickliffe
54%
ClarkWinchester
54%
ClintonAlbany
46%
KnoxBarbourville
46%
LeeBeattyville
46%
TrimbleBedford
46%
OwsleyBooneville
46%
McLeanCalhoun
46%
WolfeCampton
46%
BoydCatlettsburg
46%
HickmanClinton
46%
MetcalfeEdmonton
46%
MenifeeFrenchburg
46%
KnottHindman
46%
LaRueHodgenville
46%
LeslieHyden
46%
MartinInez
46%
GarrardLancaster
46%
ClayManchester
46%
MasonMaysville
46%
JacksonMcKee
46%
WayneMonticello
46%
UnionMorganfield
46%
RobertsonMount Olivet
46%
MontgomeryMount Sterling
46%
RockcastleMount Vernon
46%
HenryNew Castle
46%
BathOwingsville
46%
MagoffinSalyersville
46%
ElliottSandy Hook
46%
PowellStanton
46%
LewisVanceburg
46%
GallatinWarsaw
46%
LetcherWhitesburg
46%
McCrearyWhitley City
46%
GrantWilliamstown
46%
CarlisleBardwell
38%
CumberlandBurkesville
38%
BooneBurlington
38%
HancockHawesville
38%
CrittendenMarion
38%
BrackenBrooksville
31%
LivingstonSmithland
31%

Score Distribution

Percentile by Number Answered

Percent of People with Each Score

Your Score History

You have not taken this quiz